ՀՀ Գիտությունների ազգային ակադեմիայի հիմնարար գիտական գրադարան  =   Fundamental Scientific Library of NAS RA

Պտուտակաձև սանդուղք : (Record no. 117463)

MARC details
000 -LEADER
fixed length control field 00992nam a2200229 a 4500
001 - CONTROL NUMBER
control field 000316561
003 - CONTROL NUMBER IDENTIFIER
control field AM-YeHGA
005 - DATE AND TIME OF LATEST TRANSACTION
control field 20250618072019.0
008 - FIXED-LENGTH DATA ELEMENTS--GENERAL INFORMATION
fixed length control field 040310s1983 ai 000 | arm d
040 ## - CATALOGING SOURCE
Original cataloging agency AM-YeHGA
041 1# - LANGUAGE CODE
Language code of text/sound track or separate title arm
Language code of original rus
090 ## - LOCALLY ASSIGNED LC-TYPE CALL NUMBER (OCLC); LOCAL CALL NUMBER (RLIN)
-- 118811
100 1# - MAIN ENTRY--PERSONAL NAME
Personal name Կաուգվեր, Ռայմոնդ
245 10 - TITLE STATEMENT
Title Պտուտակաձև սանդուղք :
Remainder of title [Վիպակ, պատմվածքներ] /
Statement of responsibility, etc. Ռ. Կաուգվեր; Թարգմ. ռուս.՝ Է. Մասումյան; Խմբ.՝ Գ. Հովսեփյան; Նկ.՝ Ա. Յարալյան.
260 ## - PUBLICATION, DISTRIBUTION, ETC.
Place of publication, distribution, etc. Երևան :
Name of publisher, distributor, etc. Սովետական գրող,
Date of publication, distribution, etc. 1983.
300 ## - PHYSICAL DESCRIPTION
Extent 224 էջ ;
Dimensions 20 սմ.
505 0# - FORMATTED CONTENTS NOTE
Formatted contents note Պտուտակաձև սանդուղք; Հողմաղացներ; Նվերը
650 14 - SUBJECT ADDED ENTRY--TOPICAL TERM
Topical term or geographic name entry element Էստոնական գրականություն
General subdivision Վիպակ
650 14 - SUBJECT ADDED ENTRY--TOPICAL TERM
Topical term or geographic name entry element Էստոնական գրականություն
General subdivision Պատմվածք
700 1# - ADDED ENTRY--PERSONAL NAME
Personal name Հովսեփյան, Գ.
Relator term խմբ.
Relationship edt
9 (RLIN) 8588
700 1# - ADDED ENTRY--PERSONAL NAME
Personal name Յարալյան, Ա.
Relator term նկ.
Relationship art
Holdings
Withdrawn status Lost status Damaged status Not for loan Collection Home library Current library Date acquired Total checkouts Full call number Barcode Date last seen Price effective from Koha item type Public note
        General Fundamental Scientific Library Fundamental Scientific Library 22/12/2016   891.981 220069136 22/12/2016 22/12/2016 Գրքեր / Books 30 Days Loan
        General Fundamental Scientific Library Fundamental Scientific Library 22/12/2016   891.981 220069300 22/12/2016 22/12/2016 Գրքեր / Books 30 Days Loan


ՀՀ ԳԱԱ հիմնարար գիտական գրադարան
ՀՀ,Երևան 0019
Մարշալ Բաղրամյան 24/6
հեռախոս:(374-10) 52-47-50
Հետադարձ կապ

All site content, except where otherwise noted, is licensed under a
Creative Commons License